000
00280nam a22001337a 4500
008
170210b xxu||||| |||| 00| 0 eng d
020
_a
0801668786
041
_a
eng
080
_2
5ED
_a
61
100
_a
4
101
_a
SHM
245
_a
THE DIABETIC FOOT
_c
LEVIN
942
_2
udc
_c
BK
999
_c
5097
_d
5097